Inorganica chimica acta.

Bibliographic Details
New Title:Inorganic chemistry communications
Previous Title:Inorganica chimica acta reviews
Format: Journal
Language:English
Language Notes:In English.
Published: Lausanne [etc.] : Elsevier Sequoia [etc.]
Subjects:
Online Availability: Check for online availability

MARC

Tag First Indicator Second Indicator Subfields
LEADER 00000cas a2200000 4500
001 in00000060899
005 20151008051045.0
008 751230c19679999sz sr0p 0 a0eng
010 |a  75645286  
012 |a 4  |b 3  |d 7  |e n  |f -  |g p  |h -  |i ----  |m 0 
016 7 |a I17210000  |2 DNLM 
019 |a 1753167 
022 |a 0020-1693 
030 |a ICHAA3 
035 |a (OCoLC)ocm02242336 
035 |a (OCoLC)02242336 
035 |9 AAG5365AM 
040 |a DLC  |c DLC  |d OCL  |d NSD  |d DLC  |d OCL  |d SER  |d NST  |d AIP  |d NST  |d AIP  |d DLC  |d OCL  |d NST  |d WAU  |d NST  |d OCL  |d IUL  |d NSD  |d MYG  |d DLC  |d CUS  |d IUL  |d DLC  |d UtOrBLW 
042 |a lc  |a nsdp 
049 |a TXAM 
050 0 0 |a QD146  |b .I58 
082 0 |a 546/.05 
210 0 |a Inorg. chim. acta 
222 0 |a Inorganica chimica acta 
245 0 0 |a Inorganica chimica acta. 
264 1 |a Lausanne [etc.] :  |b Elsevier Sequoia [etc.] 
300 |a volumes ;  |c 29 cm. 
310 |a Semimonthly,  |b 1989- 
321 |a Frequency varies,  |b 1967-88 
336 |a text  |b txt  |2 rdacontent 
337 |a unmediated  |b n  |2 rdamedia 
338 |a volume  |b nc  |2 rdacarrier 
362 0 |a v. 1- June 1967- 
510 2 |a Chemical abstracts  |x 0009-2258 
510 2 |a Energy research abstracts  |x 0160-3604 
510 2 |a Life sciences collection 
510 0 |a Nuclear science abstracts  |x 0029-5612 
546 |a In English. 
515 |a Vols for 1980- issued in three sections with continuous vol. numbering, e.g. Articles 1980 called v. 38/1-43/2, Letters 1980 called v. 44/1-45/6, Bioinorganic chemistry articles and letters called v. 46/1-v. 46/6. Detailed publication schemes on p. 2 of each cover. 
530 |a Available also by subscription via the World Wide Web. 
650 0 |a Chemistry, Inorganic  |v Periodicals. 
780 0 5 |t Inorganica chimica acta reviews  |g Jan. 1974  |w (DLC) 75645261  |w (OCoLC)2246011 
785 0 1 |t Inorganic chemistry communications  |x 1387-7003  |w (DLC) 98660080  |w (OCoLC)39018537 
850 |a AAP  |a AzU  |a CLSU  |a CNoS  |a CU-RivP  |a CaOWA  |a CtU  |a DLC  |a FU  |a ICJ  |a InU  |a MoU  |a NN  |a NSyU  |a OCU  |a OkU  |a PU  |a TxArU  |a TxCM  |a ULA  |a UU  |a VtU  |a WaU 
948 |a MFHD URL added  |b h  |c 2002/8/13  |d c  |e bsurratt  |f 9:32:27 am 
936 |a Unknown  |a Dec. 1976 (surrogate)  |a Mar. 15, 1989 
994 |a E0  |b TXA 
999 |a MARS 
999 f f |s 13a2a959-dc7d-33de-b62f-bb8b44d404d3  |i 096d181c-1f71-3b87-9553-f1e156ba8da5  |t 0 
952 f f |p ric  |a Texas A&M University  |b Rellis Campus  |c Joint Library Facility  |d Remote Storage  |t 0  |e QD146 .I58  |h Library of Congress classification  |i unmediated -- volume  |k v.28  |l 1978  |m A14841081478 
952 f f |p ric  |a Texas A&M University  |b Rellis Campus  |c Joint Library Facility  |d Remote Storage  |t 0  |e QD146 .I58  |h Library of Congress classification  |i unmediated -- volume  |k v.35  |l 1979  |m A14821476205 
952 f f |p ric  |a Texas A&M University  |b Rellis Campus  |c Joint Library Facility  |d Remote Storage  |t 0  |e QD146 .I58  |h Library of Congress classification  |i unmediated -- volume  |k v.8  |l 1974  |m A14841081216 
952 f f |p ric  |a Texas A&M University  |b Rellis Campus  |c Joint Library Facility  |d Remote Storage  |t 0  |e QD146 .I58  |h Library of Congress classification  |i unmediated -- volume  |k v.10  |l 1974  |m A14841081290 
952 f f |p ric  |a Texas A&M University  |b Rellis Campus  |c Joint Library Facility  |d Remote Storage  |t 0  |e QD146 .I58  |h Library of Congress classification  |i unmediated -- volume  |k v.6  |l 1972  |m A14812200532 
952 f f |p ric  |a Texas A&M University  |b Rellis Campus  |c Joint Library Facility  |d Remote Storage  |t 0  |e QD146 .I58  |h Library of Congress classification  |i unmediated -- volume  |k v.13  |l 1975  |m A14841081402 
952 f f |p ric  |a Texas A&M University  |b Rellis Campus  |c Joint Library Facility  |d Remote Storage  |t 0  |e QD146 .I58  |h Library of Congress classification  |i unmediated -- volume  |k v.30  |l 1978  |m A14841081460 
952 f f |p ric  |a Texas A&M University  |b Rellis Campus  |c Joint Library Facility  |d Remote Storage  |t 0  |e QD146 .I58  |h Library of Congress classification  |i unmediated -- volume  |k v.33  |l 1979  |m A14821180333 
952 f f |p ric  |a Texas A&M University  |b Rellis Campus  |c Joint Library Facility  |d Remote Storage  |t 0  |e QD146 .I58  |h Library of Congress classification  |i unmediated -- volume  |k v.36  |l 1979  |m A14818025930 
952 f f |p ric  |a Texas A&M University  |b Rellis Campus  |c Joint Library Facility  |d Remote Storage  |t 0  |e QD146 .I58  |h Library of Congress classification  |i unmediated -- volume  |k v.37  |l 1979  |m A14812201059 
952 f f |p ric  |a Texas A&M University  |b Rellis Campus  |c Joint Library Facility  |d Remote Storage  |t 0  |e QD146 .I58  |h Library of Congress classification  |i unmediated -- volume  |k v.5  |l 1971  |m A14816605506 
952 f f |p ric  |a Texas A&M University  |b Rellis Campus  |c Joint Library Facility  |d Remote Storage  |t 0  |e QD146 .I58  |h Library of Congress classification  |i unmediated -- volume  |k v.2  |l 1968  |m A14813906725 
952 f f |p ric  |a Texas A&M University  |b Rellis Campus  |c Joint Library Facility  |d Remote Storage  |t 0  |e QD146 .I58  |h Library of Congress classification  |i unmediated -- volume  |k v.18  |l 1976  |m A14841081486 
952 f f |p ric  |a Texas A&M University  |b Rellis Campus  |c Joint Library Facility  |d Remote Storage  |t 0  |e QD146 .I58  |h Library of Congress classification  |i unmediated -- volume  |k v.32  |l 1979  |m A14841081452 
952 f f |p ric  |a Texas A&M University  |b Rellis Campus  |c Joint Library Facility  |d Remote Storage  |t 0  |e QD146 .I58  |h Library of Congress classification  |i unmediated -- volume  |k v.29  |l 1978  |m A14813839164 
952 f f |p ric  |a Texas A&M University  |b Rellis Campus  |c Joint Library Facility  |d Remote Storage  |t 0  |e QD146 .I58  |h Library of Congress classification  |i unmediated -- volume  |k v.7  |l 1973  |m A14823775388 
952 f f |p ric  |a Texas A&M University  |b Rellis Campus  |c Joint Library Facility  |d Remote Storage  |t 0  |e QD146 .I58  |h Library of Congress classification  |i unmediated -- volume  |k v.22  |l 1977  |m A14841081371 
952 f f |p ric  |a Texas A&M University  |b Rellis Campus  |c Joint Library Facility  |d Remote Storage  |t 0  |e QD146 .I58  |h Library of Congress classification  |i unmediated -- volume  |k v.26  |l 1978  |m A14841081428 
952 f f |p ric  |a Texas A&M University  |b Rellis Campus  |c Joint Library Facility  |d Remote Storage  |t 0  |e QD146 .I58  |h Library of Congress classification  |i unmediated -- volume  |k v.9  |l 1974  |m A14841081258 
952 f f |p ric  |a Texas A&M University  |b Rellis Campus  |c Joint Library Facility  |d Remote Storage  |t 0  |e QD146 .I58  |h Library of Congress classification  |i unmediated -- volume  |k v.15  |l 1975  |m A14826246207 
952 f f |p ric  |a Texas A&M University  |b Rellis Campus  |c Joint Library Facility  |d Remote Storage  |t 0  |e QD146 .I58  |h Library of Congress classification  |i unmediated -- volume  |k v.34  |l 1979  |m A14824179056 
952 f f |p ric  |a Texas A&M University  |b Rellis Campus  |c Joint Library Facility  |d Remote Storage  |t 0  |e QD146 .I58  |h Library of Congress classification  |i unmediated -- volume  |k v.27  |l 1978  |m A14841081410 
952 f f |p ric  |a Texas A&M University  |b Rellis Campus  |c Joint Library Facility  |d Remote Storage  |t 0  |e QD146 .I58  |h Library of Congress classification  |i unmediated -- volume  |k v.12  |l 1975  |m A14812175240 
952 f f |p ric  |a Texas A&M University  |b Rellis Campus  |c Joint Library Facility  |d Remote Storage  |t 0  |e QD146 .I58  |h Library of Congress classification  |i unmediated -- volume  |k v.3  |l 1969  |m A14841081177 
952 f f |p ric  |a Texas A&M University  |b Rellis Campus  |c Joint Library Facility  |d Remote Storage  |t 0  |e QD146 .I58  |h Library of Congress classification  |i unmediated -- volume  |k v.24  |l 1977  |m A14841081436 
952 f f |p ric  |a Texas A&M University  |b Rellis Campus  |c Joint Library Facility  |d Remote Storage  |t 0  |e QD146 .I58  |h Library of Congress classification  |i unmediated -- volume  |k v.21  |l 1977  |m A14841081389 
952 f f |p ric  |a Texas A&M University  |b Rellis Campus  |c Joint Library Facility  |d Remote Storage  |t 0  |e QD146 .I58  |h Library of Congress classification  |i unmediated -- volume  |k v.23  |l 1977  |m A14813854960 
952 f f |p ric  |a Texas A&M University  |b Rellis Campus  |c Joint Library Facility  |d Remote Storage  |t 0  |e QD146 .I58  |h Library of Congress classification  |i unmediated -- volume  |k v.14  |l 1975  |m A14841081444 
952 f f |p ric  |a Texas A&M University  |b Rellis Campus  |c Joint Library Facility  |d Remote Storage  |t 0  |e QD146 .I58  |h Library of Congress classification  |i unmediated -- volume  |k v.4  |l 1970  |m A14812175290 
952 f f |p ric  |a Texas A&M University  |b Rellis Campus  |c Joint Library Facility  |d Remote Storage  |t 0  |e QD146 .I58  |h Library of Congress classification  |i unmediated -- volume  |k v.17  |l 1976  |m A14817685410 
952 f f |p ric  |a Texas A&M University  |b Rellis Campus  |c Joint Library Facility  |d Remote Storage  |t 0  |e QD146 .I58  |h Library of Congress classification  |i unmediated -- volume  |k v.19  |l 1976  |m A14817704434 
952 f f |p ric  |a Texas A&M University  |b Rellis Campus  |c Joint Library Facility  |d Remote Storage  |t 0  |e QD146 .I58  |h Library of Congress classification  |i unmediated -- volume  |k v.16  |l 1976  |m A14813889818 
952 f f |p ric  |a Texas A&M University  |b Rellis Campus  |c Joint Library Facility  |d Remote Storage  |t 0  |e QD146 .I58  |h Library of Congress classification  |i unmediated -- volume  |k v.11  |l 1974  |m A14841081339 
952 f f |p ric  |a Texas A&M University  |b Rellis Campus  |c Joint Library Facility  |d Remote Storage  |t 0  |e QD146 .I58  |h Library of Congress classification  |i unmediated -- volume  |k v.20  |l 1976  |m A14841081397 
952 f f |p ric  |a Texas A&M University  |b Rellis Campus  |c Joint Library Facility  |d Remote Storage  |t 0  |e QD146 .I58  |h Library of Congress classification  |i unmediated -- volume  |k v.31  |l 1978  |m A14813863642 
952 f f |p ric  |a Texas A&M University  |b Rellis Campus  |c Joint Library Facility  |d Remote Storage  |t 0  |e QD146 .I58  |h Library of Congress classification  |i unmediated -- volume  |k v.25  |l 1977  |m A14812188146 
952 f f |p ric  |a Texas A&M University  |b Rellis Campus  |c Joint Library Facility  |d Remote Storage  |t 0  |e QD146 .I58  |h Library of Congress classification  |i unmediated -- volume  |k v.1  |l 1967  |m A14841081135 
998 f f |a QD146 .I58  |s v.1-37 (1967-1979)  |t 0  |l Remote Storage